000 00632nam a2200217Ia 4500
005 20250117103549.0
008 008 250103s9999 xx 000 0 eng d
020 _a9783111012681
037 _aTextual
040 _aCSL
_beng
_cCSL
041 _aeng
_2eng
084 _aB28:(G:55) R3
_qCSL
100 _aZhang, Zhihua
_9233699
245 0 _aEnvironmental data analysis: Methods and applications
_cZhang, Zhihua
250 _a2nd
260 _aBerlin
_bDe Gruyter .
_c2023
300 _axi,388p. ill.
650 _aEnvironment data
_9731694
942 _cTEXL
_hB28:(G:55) R3
999 _c1237743
_d1237743